Mestský hotel

Saved in:
Bibliographic Details
Main Author: Pastierik, Matej (Author)
Other Authors: Minarovičová, Katarína (Thesis advisor)
Format: Manuscript Book
Language:Slovak
Published: 2017
Subjects:
Online Access:http://is.stuba.sk/zp/portal_zp.pl?podrobnosti=125992
https://opac.crzp.sk/?fn=detailBiblioForm&sid=877A1C170D2F97A1DD34A52BFB25
Tags: Add Tag
No Tags, Be the first to tag this record!

MARC

LEADER 00000ntm a22000003a 4500
001 stuzp63319
003 SK-STU
005 20230817102741.2
007 ta
008 150427s2015----xo-----f-mn---000-0-slo-d
040 |a STU  |b slo 
041 0 |a slo 
100 1 |a Pastierik, Matej  |u 010180  |4 aut  |U SvF Stavebná fakulta  |T SvF Katedra konštrukcií pozemných stavieb  |X 9480  |U V180  |Y 18  |7 9480 
242 0 1 |a City Hotel  |y eng 
245 1 0 |a Mestský hotel 
260 |c 2017 
650 4 |a Mestský hotel  |2 slo 
650 4 |a Diplomová práca  |2 slo 
650 4 |a Bojnice  |2 slo 
650 4 |a City Hotel  |2 eng 
650 4 |a Final thesis  |2 eng 
650 4 |a Bojnice  |2 eng 
700 1 |a Minarovičová, Katarína  |u 010180  |k Z1  |4 ths  |U SvF Stavebná fakulta  |T SvF Katedra konštrukcií pozemných stavieb  |X 773  |U V180  |Y 18  |7 A000000773 
856 4 |u http://is.stuba.sk/zp/portal_zp.pl?podrobnosti=125992 
856 4 |u https://opac.crzp.sk/?fn=detailBiblioForm&sid=877A1C170D2F97A1DD34A52BFB25